[Event "Championnat de France - Open A"]
[Site "PAU"]
[Date "2012.08.16"]
[Round "3.6"]
[White "Aflalo, Sophie"]
[Black "Fejzovski, Enver"]
[Result "1/2-1/2"]
[WhiteElo "2065"]
[BlackElo "2126"]
[PlyCount "109"]

1. e4 e6 2. d4 c5 3. Nf3 cxd4 4. Nxd4 a6 5. c4 Nf6 6. Nc3 Qc7 7. Be3 b6 8. Bd3
Bb7 9. a3 h5 10. h3 Nc6 11. Rc1 Bc5 12. Nc2 Ne5 13. b4 Bxe3 14. Nxe3 Nxd3+ 15.
Qxd3 Qe5 16. c5 b5 17. O-O Bxe4 18. Nxe4 Qxe4 19. Qd6 Qc6 20. Rfd1 Qxd6 21.
Rxd6 O-O 22. a4 bxa4 23. Ra1 a5 24. Rxa4 axb4 25. Rxb4 Ra1+ 26. Kh2 Rc8 27. Rc4
Ra2 28. f3 Re2 29. Rc3 Ra8 30. Kg3 Ra4 31. h4 Raa2 32. Kf4 Rad2 33. Rcd3 Rxd3
34. Rxd3 Rb2 35. Ke5 Rb4 36. g3 Kf8 37. Kd6 Rb7 38. Nc4 Ne8+ 39. Ke5 Rb4 40.
Rd4 f6+ 41. Ke4 e5 42. Nxe5 Rxd4+ 43. Kxd4 fxe5+ 44. Kxe5 Ke7 45. g4 hxg4 46.
fxg4 Kf7 47. h5 Nf6 48. Kf5 Kf8 49. h6 Kf7 50. hxg7 Kxg7 51. Ke5 Ne8 52. c6
dxc6 53. Kd4 Nf6 54. Kc5 Nxg4 55. Kxc6 1/2-1/2

[Event "Championnat de France - Open A"]
[Site "PAU"]
[Date "2012.08.16"]
[Round "3.7"]
[White "Soyer, Jean-Yves"]
[Black "Cristofari, Antoine"]
[Result "1-0"]
[WhiteElo "2058"]
[BlackElo "2122"]
[PlyCount "123"]

1. Nf3 Nf6 2. c4 g6 3. Nc3 Bg7 4. e4 d6 5. d4 O-O 6. Be2 e5 7. Be3 exd4 8. Nxd4
Re8 9. f3 c6 10. Bf2 d5 11. exd5 cxd5 12. O-O Nc6 13. c5 Nh5 14. Qd2 Be5 15. g3
Ng7 16. Rfd1 Be6 17. Nxe6 Nxe6 18. f4 Bd4 19. Bf3 Bxf2+ 20. Qxf2 d4 21. Ne4 Qe7
22. Nd6 Reb8 23. Qg2 Ned8 24. Re1 Qd7 25. Ne8 Kf8 26. Nf6 Qc7 27. Nxh7+ Kg7 28.
Ng5 f6 29. Ne4 Nf7 30. Qd2 a5 31. Nf2 Rd8 32. Nd3 Nh6 33. g4 f5 34. g5 Ng8 35.
Re6 Re8 36. Rae1 Rxe6 37. Rxe6 Kf7 38. Re1 Nge7 39. Qe2 Qd7 40. Qe5 Nxe5 41.
Nxe5+ Ke8 42. Nxd7 Kxd7 43. Rd1 Nc6 44. Bxc6+ Kxc6 45. Rxd4 Kxc5 46. Rd7 b5 47.
Kf2 a4 48. Rd3 b4 49. h4 Re8 50. h5 gxh5 51. g6 h4 52. g7 Kc6 53. Re3 Rg8 54.
Re7 b3 55. axb3 axb3 56. Kg2 Kd6 57. Rb7 Kd5 58. Kh3 Ke4 59. Kxh4 Kxf4 60. Kh5
Rd8 61. Rxb3 Rd2 62. g8=Q 1-0

[Event "Championnat de France - Open A"]
[Site "PAU"]
[Date "2012.08.16"]
[Round "3.8"]
[White "Najart, David"]
[Black "Coustance, Kevin"]
[Result "1-0"]
[WhiteElo "2109"]
[BlackElo "2054"]
[PlyCount "141"]

1. c4 c5 2. Nf3 Nc6 3. Nc3 g6 4. e3 Bg7 5. d4 cxd4 6. exd4 d6 7. d5 Nb8 8. Nd4
Nf6 9. Be2 O-O 10. O-O a6 11. Bg5 h6 12. Be3 Kh7 13. h3 e5 14. dxe6 fxe6 15.
Qd2 Nc6 16. Rad1 d5 17. Nb3 dxc4 18. Qc1 Qc7 19. Bxc4 b5 20. Be2 e5 21. Bc5 Rd8
22. Qe3 Rb8 23. Rxd8 Nxd8 24. Rd1 Nf7 25. Rc1 Be6 26. Ba7 Ra8 27. Nxb5 Qd7 28.
Nc5 Qe7 29. Nxe6 axb5 30. Nc7 Rc8 31. Nxb5 Nd5 32. Qd2 Rxc1+ 33. Qxc1 Nf4 34.
Bf1 Qg5 35. Kh1 Qf5 36. Be3 Ng5 37. Nc3 Nge6 38. a4 g5 39. Qd2 e4 40. Kh2 Be5
41. g3 Ng6 42. Bg2 Nef4 43. Bxe4 Qxh3+ 44. Kg1 Qg4 45. Bxg6+ Nxg6 46. Qd1 Qh3
47. Qf3 Kg7 48. Qg2 Qc8 49. a5 Qd8 50. Qb7+ Kh8 51. a6 Bxc3 52. bxc3 Qd1+ 53.
Kg2 Nh4+ 54. Kh3 Nf3 55. Bd4+ Nxd4 56. cxd4 Qf1+ 57. Kg4 Qe2+ 58. Kf5 Qxf2+ 59.
Kg6 Qc2+ 60. Kxh6 Qh2+ 61. Kg6 Qc2+ 62. Kxg5 Qd2+ 63. Kf5 Qf2+ 64. Ke6 Qe3+ 65.
Kd5 Qg5+ 66. Kc6 Qf6+ 67. Kc7 Qe7+ 68. Kb8 Qd6+ 69. Qc7 Qb4+ 70. Kc8 Qxd4 71.
Qd8+ 1-0

[Event "Championnat de France - Open A"]
[Site "PAU"]
[Date "2012.08.16"]
[Round "3.9"]
[White "Flachet, Thierry"]
[Black "Bach, Anatole"]
[Result "1-0"]
[WhiteElo "2089"]
[BlackElo "2032"]
[PlyCount "169"]

1. Nf3 Nf6 2. c4 c5 3. d4 cxd4 4. Nxd4 e5 5. Nb5 d5 6. cxd5 Bc5 7. N5c3 O-O 8.
g3 e4 9. e3 Qe7 10. a3 Rd8 11. b4 Bd6 12. Bg2 Bf5 13. Bb2 Nbd7 14. O-O Ne5 15.
h3 Nd3 16. Ra2 Be5 17. Qb3 Qd7 18. Kh2 Rac8 19. Ba1 h5 20. Nd2 Bxc3 21. Bxc3
Nxd5 22. Bd4 Nf6 23. Rc2 Rxc2 24. Qxc2 Qe6 25. Qc4 Nd5 26. Qb3 b6 27. Qa4 Rc8
28. Qb3 Bg6 29. Kg1 f5 30. Rd1 Bf7 31. Bf1 Ne5 32. Qb2 Re8 33. Bxe5 Qxe5 34.
Qxe5 Rxe5 35. Rc1 h4 36. Rc8+ Kh7 37. gxh4 Re7 38. Bg2 Nf6 39. Kf1 Rd7 40. Ke1
Bh5 41. Bf1 Ng8 42. Bb5 Re7 43. Nb3 f4 44. Nd4 fxe3 45. fxe3 Nh6 46. Bc6 Bg6
47. Bd5 Re5 48. Be6 Bf5 49. Bxf5+ Nxf5 50. Nxf5 Rxf5 51. Re8 Rf3 52. Rxe4 Rxh3
53. Kd2 Rh2+ 54. Kc3 Ra2 55. Kb3 Rh2 56. a4 Kg6 57. Rg4+ Kf6 58. Kc4 Rb2 59.
Kb5 Ra2 60. e4 a6+ 61. Kxa6 Rxa4+ 62. Kb5 Ra8 63. Kxb6 Rb8+ 64. Kc6 Rc8+ 65.
Kb5 Rb8+ 66. Kc4 Rc8+ 67. Kb3 Rb8 68. Rg5 Re8 69. e5+ Kf7 70. b5 Rb8 71. Kb4
Rd8 72. Ka5 Rd1 73. e6+ Kxe6 74. Rxg7 Ra1+ 75. Kb6 Rh1 76. Rg4 Kd7 77. Kb7 Rh2
78. Rd4+ Ke7 79. b6 Rh1 80. Kc7 Rc1+ 81. Kb8 Rh1 82. b7 Rh2 83. Rb4 Kd7 84. Ka7
Kc6 85. Rc4+ 1-0

[Event "Championnat de France - Open A"]
[Site "PAU"]
[Date "2012.08.16"]
[Round "3.10"]
[White "Devallee, Jeremie"]
[Black "Meunier, Clement"]
[Result "1/2-1/2"]
[WhiteElo "2122"]
[BlackElo "1989"]
[PlyCount "138"]

1. e4 e5 2. Nf3 Nc6 3. Bc4 Bc5 4. c3 Nf6 5. d3 a6 6. Bb3 Ba7 7. Bg5 d6 8. h3
Qe7 9. Nbd2 h6 10. Bh4 g5 11. Bg3 Nh5 12. Nf1 Be6 13. Bd5 Bxd5 14. exd5 e4 15.
dxe4 Qxe4+ 16. Qe2 Qxe2+ 17. Kxe2 Ne7 18. c4 O-O-O 19. Bh2 Ng6 20. g3 Rhe8+ 21.
Ne3 f5 22. Kd2 Bxe3+ 23. fxe3 Ne5 24. Nxe5 dxe5 25. e4 f4 26. gxf4 gxf4 27. Ke2
Rg8 28. Rhg1 Ng3+ 29. Bxg3 fxg3 30. Raf1 Rg5 31. Rf6 h5 32. Rf5 Rxf5 33. exf5
Rf8 34. Ke3 Rxf5 35. Rxg3 Rf4 36. b3 Kd7 37. c5 Rd4 38. Rg7+ Kd8 39. c6 b6 40.
Rd7+ Kc8 41. Rh7 Kd8 42. Rxh5 Rxd5 43. Ke4 Rc5 44. Rh6 Rc2 45. Kxe5 Rxa2 46.
Rh8+ Ke7 47. Rh7+ Kd8 48. Rd7+ Kc8 49. Rd3 Rc2 50. h4 Rxc6 51. Rh3 Rh6 52. h5
a5 53. Kf5 Kb7 54. Kg5 Rh8 55. h6 b5 56. Kg6 c5 57. Kg7 Ra8 58. h7 Kc6 59. h8=Q
Rxh8 60. Rxh8 c4 61. bxc4 bxc4 62. Kf6 Kd5 63. Kf5 Kd4 64. Kf4 a4 65. Rd8+ Kc3
66. Ra8 Kd2 67. Rd8+ Kc3 68. Ra8 Kd2 69. Rd8+ Kc3 1/2-1/2

[Event "Championnat de France - Open A"]
[Site "PAU"]
[Date "2012.08.17"]
[Round "4.1"]
[White "Thon, Gabriel"]
[Black "Naudier, Serge"]
[Result "0-1"]
[WhiteElo "2081"]
[BlackElo "2199"]
[PlyCount "76"]

1. e4 c5 2. Nf3 d6 3. d4 Nf6 4. Nc3 cxd4 5. Nxd4 Nc6 6. Bg5 Bd7 7. Qd2 Rc8 8.
O-O-O Nxd4 9. Qxd4 Qa5 10. Bxf6 gxf6 11. Kb1 Rg8 12. Nd5 f5 13. e5 Bg7 14. f4
Be6 15. a4 a6 16. g3 dxe5 17. fxe5 Qc5 18. Qxc5 Rxc5 19. Bg2 Bxe5 20. Rhe1 f6
21. Bf3 Kf7 22. Nf4 Bc8 23. Nd3 Ra5 24. Nxe5+ Rxe5 25. Rxe5 fxe5 26. Bd5+ e6
27. Bxb7 Bxb7 28. Rd7+ Kf6 29. Rxb7 e4 30. c4 Rc8 31. Kc2 Rxc4+ 32. Kd2 Rxa4
33. Rxh7 Rd4+ 34. Ke1 Rb4 35. h4 Rxb2 36. Rh6+ Ke5 37. Rg6 a5 38. g4 a4 0-1

[Event "Championnat de France - Open A"]
[Site "PAU"]
[Date "2012.08.17"]
[Round "4.2"]
[White "Fageot, Julien"]
[Black "Najart, David"]
[Result "1/2-1/2"]
[WhiteElo "2078"]
[BlackElo "2109"]
[PlyCount "121"]

1. d4 Nf6 2. Nf3 g6 3. Bf4 Bg7 4. e3 O-O 5. Be2 d6 6. O-O Nh5 7. Bg5 h6 8. Bh4
g5 9. Nfd2 Nf6 10. Bg3 Nc6 11. c3 e5 12. b4 Nd7 13. d5 Ne7 14. e4 f5 15. f3 a5
16. a4 f4 17. Bf2 h5 18. Nb3 axb4 19. cxb4 Nf6 20. a5 Ng6 21. Na3 Rf7 22. Rc1
g4 23. Nb5 g3 24. hxg3 fxg3 25. Bxg3 Bh6 26. Rc3 Ne8 27. f4 Bxf4 28. Bxh5 Qg5
29. Bxg6 Qxg6 30. Bxf4 exf4 31. Qd4 Bd7 32. Nxc7 Nxc7 33. Rxc7 Bh3 34. Rc2 f3
35. Rff2 Rg7 36. Rxf3 Bg4 37. Rf4 Re8 38. Qf6 Qxf6 39. Rxf6 Rxe4 40. Nd2 Rxb4
41. Rxd6 Bh3 42. Nf3 Rbg4 43. Ne1 Ra4 44. Rc3 Bg4 45. Nc2 Bf5 46. Ne3 Be4 47.
Re6 Bf3 48. Kf2 Bxg2 49. Nxg2 Ra2+ 50. Kf3 Raxg2 51. Kf4 Rd7 52. Re5 Ra2 53.
Rc5 Kf7 54. Rh5 Kg6 55. Rh1 Rd2 56. Ke4 Re7+ 57. Kf3 Rd3+ 58. Kf4 Rd4+ 59. Kf3
Rd3+ 60. Kf4 Rd4+ 61. Kf3 1/2-1/2

[Event "Championnat de France - Open A"]
[Site "PAU"]
[Date "2012.08.17"]
[Round "4.3"]
[White "Flachet, Thierry"]
[Black "Gaubil, Olivier"]
[Result "1-0"]
[WhiteElo "2089"]
[BlackElo "2070"]
[PlyCount "69"]

1. Nf3 Nf6 2. c4 Nc6 3. d4 e6 4. Bg5 h6 5. Bh4 g5 6. Bg3 Ne4 7. e3 Nxg3 8. hxg3
Bg7 9. Nc3 d6 10. Be2 e5 11. dxe5 Nxe5 12. Nxe5 Bxe5 13. Qb3 c6 14. Rd1 Qa5 15.
f4 Bxc3+ 16. Qxc3 Qxc3+ 17. bxc3 gxf4 18. gxf4 Ke7 19. Rh5 Bd7 20. c5 dxc5 21.
Re5+ Be6 22. Rxc5 Bd5 23. Ra5 b6 24. Ra4 Bxg2 25. Kf2 Bh3 26. Bf3 Rhc8 27. Rh1
Be6 28. Rxh6 Bd5 29. e4 b5 30. Ra6 Be6 31. f5 Bc4 32. e5 b4 33. Raxc6 bxc3 34.
Rcd6 c2 35. f6+ 1-0

[Event "Championnat de France - Open A"]
[Site "PAU"]
[Date "2012.08.17"]
[Round "4.4"]
[White "Marie, Maxime"]
[Black "Soyer, Jean-Yves"]
[Result "1-0"]
[WhiteElo "2170"]
[BlackElo "2058"]
[PlyCount "109"]

1. b3 e5 2. Bb2 d6 3. g3 Nf6 4. Bg2 Be7 5. d3 O-O 6. Nd2 Re8 7. e3 Bf8 8. Ne2
a5 9. a3 c6 10. h3 Na6 11. O-O d5 12. Kh2 Nc5 13. f4 exf4 14. exf4 Bd6 15. Nf3
Nfd7 16. Ned4 Nf8 17. Qd2 Na6 18. Nh4 Nc7 19. Ndf5 Bxf5 20. Nxf5 f6 21. c4 Qd7
22. Ne3 Bc5 23. d4 Be7 24. f5 Red8 25. c5 Re8 26. Rae1 a4 27. b4 Nb5 28. Bf3
Bd8 29. Bd1 Bc7 30. Bc2 Qf7 31. Ng2 Rxe1 32. Rxe1 Re8 33. Rxe8 Qxe8 34. Bxa4
Qe4 35. Qf2 Nd7 36. Bc2 Qe8 37. a4 Na7 38. Qe3 Kf7 39. Bd1 Qxe3 40. Nxe3 Ke7
41. Bc3 Bb8 42. Kg2 Nc8 43. b5 Kd8 44. Bc2 Ke8 45. Bd3 Kf7 46. Kf3 Ne7 47. a5
Ke8 48. a6 bxa6 49. bxc6 Nxc6 50. Nxd5 Be5 51. dxe5 Ncxe5+ 52. Bxe5 Nxc5 53.
Bxf6 Nxd3 54. Bxg7 Kf7 55. Bc3 1-0

[Event "Championnat de France - Open A"]
[Site "PAU"]
[Date "2012.08.17"]
[Round "4.5"]
[White "Fejzovski, Enver"]
[Black "Ait Chaouche, Samy"]
[Result "1/2-1/2"]
[WhiteElo "2126"]
[BlackElo "2072"]
[PlyCount "78"]

1. Nf3 Nc6 2. e4 g6 3. d4 Bg7 4. Nc3 a6 5. h4 h6 6. d5 Ne5 7. Nxe5 Bxe5 8. f4
Bg7 9. h5 gxh5 10. Be3 Nf6 11. Bd4 d6 12. f5 c5 13. dxc6 bxc6 14. Bc4 d5 15.
exd5 Bxf5 16. dxc6 Qd6 17. Bf2 Qxc6 18. Qf3 Qxf3 19. gxf3 Bxc2 20. Rc1 Bf5 21.
Nd5 Nxd5 22. Bxd5 Rc8 23. Rxc8+ Bxc8 24. Rxh5 Bxb2 25. Be3 Be6 26. Bxe6 fxe6
27. Rxh6 Rxh6 28. Bxh6 Bf6 29. Ke2 Bh8 30. Kd3 Kd7 31. Kc4 Kc6 32. Be3 Kd7 33.
Bc5 Bf6 34. Kd3 Kc6 35. Kc4 Bg5 36. Bb4 Bf6 37. Bc5 Bg5 38. Bb4 Bf6 39. Bc5 Bg5
1/2-1/2

[Event "Championnat de France - Open A"]
[Site "PAU"]
[Date "2012.08.17"]
[Round "4.6"]
[White "Meunier, Clement"]
[Black "Gidel, Jean-Louis"]
[Result "0-1"]
[WhiteElo "1989"]
[BlackElo "2102"]
[PlyCount "138"]

1. d4 d5 2. c4 c6 3. Nf3 Nf6 4. e3 Bg4 5. Qb3 Qb6 6. Nc3 e6 7. h3 Bf5 8. c5 Qc7
9. a4 h6 10. a5 a6 11. Na4 Nbd7 12. Nb6 Rb8 13. g3 Be4 14. Bg2 Be7 15. Qc3 O-O
16. O-O Rbe8 17. b4 Bd8 18. Bb2 Qb8 19. Ne5 Re7 20. Nbxd7 Nxd7 21. Bxe4 dxe4
22. Qc2 Nf6 23. Nc4 Bc7 24. Kg2 Qd8 25. Nd2 Qd5 26. f3 Qg5 27. f4 Qg6 28. Kh2
Nd5 29. Qxe4 Qxe4 30. Nxe4 Nxe3 31. Rf3 Nd5 32. Kg2 Rd7 33. Rb1 Bd8 34. Ba1 Be7
35. Nc3 Bf6 36. Rd3 Rfd8 37. Nxd5 Rxd5 38. Rbd1 e5 39. fxe5 Bxe5 40. Kf3 f5 41.
Bc3 Bf6 42. g4 Kf7 43. Kg3 fxg4 44. hxg4 h5 45. gxh5 Rxh5 46. Kg4 Rh4+ 47. Kg3
Rd5 48. Rf3 Re4 49. Rf4 Re3+ 50. Rf3 Re2 51. Rf2 Re8 52. Kg4 Re3 53. Rf3 Re2
54. Rdd3 Rg2+ 55. Rg3 Rg5+ 56. Kf4 R5xg3 57. Rxg3 Rxg3 58. Kxg3 Ke6 59. Kf4 Kd5
60. Kf5 Bxd4 61. Be1 Kc4 62. Ke6 g5 63. Kd7 g4 64. Kc7 Kb5 65. Bg3 Bc3 66. Kxb7
Bxb4 67. Bf2 Bxa5 68. Ka7 Bb4 69. Kb7 a5 0-1

[Event "Championnat de France - Open A"]
[Site "PAU"]
[Date "2012.08.17"]
[Round "4.7"]
[White "Marchand, Raphael"]
[Black "Aflalo, Sophie"]
[Result "0-1"]
[WhiteElo "2092"]
[BlackElo "2065"]
[PlyCount "72"]

1. e4 c5 2. Nf3 Nc6 3. d4 cxd4 4. Nxd4 Nf6 5. Nc3 e5 6. Ndb5 d6 7. a4 a6 8. Na3
Bg4 9. f3 Be6 10. Bg5 Be7 11. Bxf6 Bxf6 12. Nd5 Bg5 13. Bc4 O-O 14. c3 Rc8 15.
Qe2 Kh8 16. O-O f5 17. exf5 Bxf5 18. Bd3 Ne7 19. Bxf5 Nxf5 20. Rfd1 Bh6 21. Nc4
Qg5 22. Nd2 e4 23. Nxe4 Rce8 24. Qf2 Qg6 25. Re1 Re5 26. c4 Qf7 27. Rad1 b5 28.
axb5 axb5 29. b3 g6 30. f4 Ree8 31. g4 Ng7 32. Nef6 Ne6 33. Nxe8 Rxe8 34. f5
Ng5 35. Rxe8+ Qxe8 36. fxg6 Nh3+ 0-1

[Event "Championnat de France - Open A"]
[Site "PAU"]
[Date "2012.08.17"]
[Round "4.8"]
[White "Deslias, Gregoire"]
[Black "Poulet, Pierre-Emmanuel"]
[Result "0-1"]
[WhiteElo "2075"]
[BlackElo "2034"]
[PlyCount "62"]

1. d4 Nf6 2. c4 g6 3. Nc3 Bg7 4. e4 d6 5. f3 O-O 6. Nge2 c5 7. d5 e6 8. Ng3
exd5 9. cxd5 h5 10. Bg5 Qb6 11. Qd2 Nh7 12. Bh4 Nd7 13. Be2 Re8 14. O-O Ne5 15.
Kh1 Qb4 16. f4 Nc4 17. Bxc4 Qxc4 18. Rac1 Bd7 19. a3 b5 20. e5 dxe5 21. Nce4
Qd4 22. Qxd4 cxd4 23. Nd6 exf4 24. Nge4 Re5 25. Rc7 Be8 26. Rfc1 Bf8 27. Rc8
Rxc8 28. Rxc8 Bxd6 29. Nxd6 Kf8 30. Kg1 d3 31. Kf2 g5 0-1

[Event "Championnat de France - Open A"]
[Site "PAU"]
[Date "2012.08.17"]
[Round "4.9"]
[White "Gicquel, Frederic"]
[Black "Civit, Pierre"]
[Result "1-0"]
[WhiteElo "2194"]
[BlackElo "2001"]
[PlyCount "91"]

1. d4 Nf6 2. c4 c5 3. d5 b5 4. cxb5 a6 5. bxa6 g6 6. Nc3 Bxa6 7. e4 Bxf1 8.
Kxf1 d6 9. Nge2 Bg7 10. h3 O-O 11. Kg1 Nbd7 12. Kh2 Qa5 13. Qc2 Rfb8 14. Rb1
Ne8 15. b3 Nc7 16. a4 Na6 17. Na2 Rf8 18. Bg5 Nf6 19. Rhd1 h6 20. Bd2 Qb6 21.
Be3 Qb7 22. Kg1 Kh7 23. f3 Rfc8 24. Qd2 Rcb8 25. Rdc1 Nd7 26. Nec3 Nb4 27. f4
Ra6 28. Re1 Rb6 29. Nb5 Nxa2 30. Qxa2 Qa6 31. Qc2 Rxb5 32. axb5 Qxb5 33. Bf2
Ra8 34. Qc4 Qa5 35. Re2 Nb6 36. Qc2 Qb5 37. Kh2 Rb8 38. Ree1 Ra8 39. Qe2 Qb4
40. Rec1 Qa3 41. Qb5 Ra6 42. Qe8 Qa2 43. Bh4 Qd2 44. Qxf7 Ra2 45. Rg1 Nc8 46.
Rbf1 1-0

[Event "Championnat de France - Open A"]
[Site "PAU"]
[Date "2012.08.17"]
[Round "4.10"]
[White "Peltrault, Frederic"]
[Black "Boukhris-Ferre, Yacine"]
[Result "0-1"]
[WhiteElo "2171"]
[BlackElo "2075"]
[PlyCount "54"]

1. e4 e6 2. d4 d5 3. Nc3 Nc6 4. Nf3 Nf6 5. e5 Ne4 6. Bd3 Bb4 7. Bd2 Nxd2 8.
Qxd2 f6 9. a3 Bxc3 10. Qxc3 fxe5 11. dxe5 Bd7 12. O-O-O O-O 13. h4 Rf4 14. Ng5
g6 15. Qd2 Qf8 16. Nxh7 Kxh7 17. h5 Nxe5 18. hxg6+ Kg8 19. Rh7 Qf6 20. Rdh1 Rf8
21. g7 Re8 22. R1h6 Nxd3+ 23. Qxd3 Qf5 24. Qg3 Rg4 25. Qh3 Rxg7 26. Rh8+ Kf7
27. Rxe8 Qxh3 0-1

[Event "Championnat de France - Open A"]
[Site "PAU"]
[Date "2012.08.18"]
[Round "5.1"]
[White "Naudier, Serge"]
[Black "Flachet, Thierry"]
[Result "1-0"]
[WhiteElo "2199"]
[BlackElo "2089"]
[PlyCount "73"]

1. e4 e6 2. d4 d5 3. Nd2 Nf6 4. e5 Nfd7 5. Bd3 c5 6. c3 Nc6 7. Ne2 cxd4 8. cxd4
f6 9. Nf4 Nxd4 10. Qh5+ Ke7 11. exf6+ Nxf6 12. Ng6+ hxg6 13. Qxh8 Kf7 14. O-O
e5 15. Nb3 Nxb3 16. axb3 Bf5 17. Bxf5 gxf5 18. Bg5 Bc5 19. Qh4 d4 20. Qg3 Qd5
21. Rfe1 Ne4 22. Qf3 g6 23. Rac1 Bb6 24. g4 Ke6 25. gxf5+ gxf5 26. Qh5 Qd7 27.
Rxe4 fxe4 28. Qg4+ Kd6 29. Qxe4 Rg8 30. f4 Qg4+ 31. Kh1 Rxg5 32. Qxb7 exf4 33.
Rc6+ Ke5 34. Qe7+ Kd5 35. Rd6+ Kc5 36. Rg6+ Kb5 37. Rxg5+ 1-0

[Event "Championnat de France - Open A"]
[Site "PAU"]
[Date "2012.08.18"]
[Round "5.2"]
[White "Aflalo, Sophie"]
[Black "Marie, Maxime"]
[Result "0-1"]
[WhiteElo "2065"]
[BlackElo "2170"]
[PlyCount "90"]
[EventDate "2012.??.??"]

1. e4 g6 2. d4 Bg7 3. Nc3 c6 4. Nge2 d5 5. Be3 Nf6 6. e5 Ng4 7. Bf4 f6 8. exf6
exf6 9. Qd2 h5 10. f3 Nh6 11. h4 Nd7 12. Ng3 Nf8 13. Bd3 Kf7 14. O-O-O b5 15.
Rde1 Ne6 16. Be3 Qa5 17. Kb1 f5 18. Nge2 b4 19. Nd1 Qb6 20. Bg5 Bd7 21. Nf4
Rae8 22. g4 hxg4 23. fxg4 Nxg4 24. Nxg6 Kxg6 25. Bxf5+ Kf7 26. Bxg4 Qxd4 27.
Qg2 Nxg5 28. Rhf1+ Kg8 29. Rxe8+ Bxe8 30. hxg5 Rh4 31. Be6+ Kh7 32. Qf3 Bg6 33.
Bf5 Qe5 34. Qf2 Rh2 35. Bxg6+ Kxg6 36. Qf7+ Kh7 37. Rg1 Qe4 38. Ne3 Qxe3 39.
Qf5+ Kg8 40. Rf1 Qe8 41. g6 Re2 42. a3 b3 43. Rc1 Rxc2 44. Rxc2 bxc2+ 45. Kxc2
Qe2+ 0-1

[Event "Championnat de France - Open A"]
[Site "PAU"]
[Date "2012.08.18"]
[Round "5.3"]
[White "Najart, David"]
[Black "Poulet, Pierre-Emmanuel"]
[Result "0-1"]
[WhiteElo "2109"]
[BlackElo "2034"]
[PlyCount "118"]
[EventDate "2012.??.??"]

1. c4 Nf6 2. Nc3 g6 3. e4 d6 4. d4 Bg7 5. h3 O-O 6. Nf3 e5 7. d5 a5 8. g4 Na6
9. Bg5 Qe8 10. Be2 Nd7 11. Qc2 Ndc5 12. Nd2 f5 13. f3 fxe4 14. Ndxe4 a4 15. Be3
b6 16. O-O Bd7 17. Qd2 Nxe4 18. fxe4 Qe7 19. Kg2 Rxf1 20. Rxf1 Rf8 21. Rxf8+
Qxf8 22. Nd1 Nc5 23. Nf2 Bf6 24. g5 Be7 25. h4 h6 26. Bd1 hxg5 27. hxg5 Kg7 28.
b4 axb3 29. axb3 Qh8 30. Kg3 Nxe4+ 31. Nxe4 Qh3+ 32. Kf2 Qh2+ 33. Kf3 Qh1+ 34.
Kf2 Qxe4 35. Bf3 Qh4+ 36. Ke2 Bf5 37. Kf1 Kf7 38. Bg2 Qg3 39. Qf2 Qxf2+ 40.
Kxf2 Bc2 41. b4 Bb3 42. Bf1 b5 43. c5 dxc5 44. bxc5 Bxd5 45. Bxb5 Ke6 46. Bf1
Be4 47. Bb5 Kd5 48. c6 Bc5 49. Ba4 Bxe3+ 50. Kxe3 Bf5 51. Bb5 Ke6 52. Ba4 Kd5
53. Kf3 Kd4 54. Bb5 e4+ 55. Kf4 e3 56. Kf3 Bd3 57. Ba4 e2 58. Kf2 Kc3 59. Ke1
Ba6 0-1

[Event "Championnat de France - Open A"]
[Site "PAU"]
[Date "2012.08.18"]
[Round "5.4"]
[White "Gidel, Jean-Louis"]
[Black "Fageot, Julien"]
[Result "1-0"]
[WhiteElo "2102"]
[BlackElo "2078"]
[PlyCount "109"]
[EventDate "2012.??.??"]

1. c4 c6 2. g3 d5 3. Bg2 Nf6 4. Nf3 Bf5 5. cxd5 cxd5 6. Qb3 Qb6 7. Qxb6 axb6 8.
Nc3 e6 9. d3 Na6 10. O-O Nc5 11. Bf4 Be7 12. Nb5 O-O 13. b4 Na4 14. a3 Rfd8 15.
Rac1 Ne8 16. Rc2 Bf6 17. Be5 Bxe5 18. Nxe5 f6 19. Nf3 e5 20. Nd2 Be6 21. f4
Rac8 22. Rfc1 Kf8 23. fxe5 Rxc2 24. Rxc2 fxe5 25. Nc7 Ke7 26. Nxe8 Kxe8 27. Nf3
e4 28. Nd4 exd3 29. exd3 Bf7 30. Bh3 Kf8 31. Kf2 Re8 32. Bd7 Ra8 33. Ke3 Be8
34. Rf2+ Ke7 35. Bxe8 Kxe8 36. Nb5 Ke7 37. Kd4 Rc8 38. Re2+ Kd7 39. Kxd5 Nc3+
40. Nxc3 Rxc3 41. d4 Rxa3 42. Rf2 Ke7 43. Kc4 Ra8 44. Kb5 Rd8 45. Kxb6 Rxd4 46.
b5 Rb4 47. Rf5 g6 48. Rc5 Kd6 49. Rg5 Rb2 50. h4 Ke6 51. Kxb7 Rb3 52. b6 Kf6
53. Kc6 h6 54. Rb5 Rc3+ 55. Rc5 1-0

[Event "Championnat de France - Open A"]
[Site "PAU"]
[Date "2012.08.18"]
[Round "5.5"]
[White "Boukhris-Ferre, Yacine"]
[Black "Gicquel, Frederic"]
[Result "0-1"]
[WhiteElo "2075"]
[BlackElo "2194"]
[PlyCount "50"]
[EventDate "2012.??.??"]

1. e4 d5 2. Nc3 d4 3. Nce2 e5 4. Ng3 Be6 5. Nf3 f6 6. c3 d3 7. Nh4 c5 8. Qf3 c4
9. b3 g6 10. a4 Nc6 11. a5 Nxa5 12. bxc4 Nb3 13. Rb1 Nxc1 14. Rxc1 Bxc4 15. Qd1
b5 16. Nf3 Bc5 17. Rg1 Qb6 18. Nh1 Qc6 19. Ng3 Nh6 20. h3 Nf7 21. Nh2 h5 22. h4
Bxf2+ 23. Kxf2 Qc5+ 24. Ke1 Qxg1 25. Nf3 Qc5 0-1

[Event "Championnat de France - Open A"]
[Site "PAU"]
[Date "2012.08.18"]
[Round "5.6"]
[White "Ait Chaouche, Samy"]
[Black "Duff, Rufus"]
[Result "1-0"]
[WhiteElo "2072"]
[BlackElo "2143"]
[PlyCount "89"]
[EventDate "2012.??.??"]

1. e4 e5 2. Nf3 Nc6 3. Bc4 Bc5 4. c3 Nf6 5. d4 exd4 6. cxd4 Bb4+ 7. Bd2 Nxe4 8.
Bxb4 Nxb4 9. Bxf7+ Kxf7 10. Qb3+ d5 11. Ne5+ Ke6 12. Qxb4 Qf8 13. Qxf8 Rxf8 14.
f3 Nd6 15. Na3 Nf5 16. O-O-O a6 17. Rhe1 Kd6 18. Nc2 b6 19. Rd2 Be6 20. a3 Rae8
21. b4 g5 22. Kb2 Bd7 23. Ne3 Ne7 24. Nxd7 Kxd7 25. Ng4 Nc6 26. Rxe8 Kxe8 27.
Kc3 Kd7 28. Re2 Kd6 29. Ne5 Nxe5 30. Rxe5 h6 31. Re1 c6 32. Re2 Ra8 33. Re1 a5
34. Kb3 axb4 35. axb4 Ra7 36. Re8 Re7 37. Rxe7 Kxe7 38. b5 c5 39. dxc5 bxc5 40.
b6 c4+ 41. Kc3 Kd6 42. f4 Kc5 43. f5 d4+ 44. Kc2 c3 45. Kb3 1-0

[Event "Championnat de France - Open A"]
[Site "PAU"]
[Date "2012.08.18"]
[Round "5.7"]
[White "Gaubil, Olivier"]
[Black "Fejzovski, Enver"]
[Result "1-0"]
[WhiteElo "2070"]
[BlackElo "2126"]
[PlyCount "81"]
[EventDate "2012.??.??"]

1. d4 Nf6 2. Nf3 c5 3. d5 d6 4. c4 g6 5. Nc3 Bg7 6. e4 O-O 7. Be2 b5 8. cxb5 a6
9. O-O axb5 10. Bxb5 Ba6 11. Qe2 Bxb5 12. Nxb5 Nbd7 13. a4 Qb8 14. Ra2 Ne8 15.
Bg5 Nef6 16. b3 Rc8 17. Nd2 h6 18. Bf4 Kh7 19. Nc4 Nh5 20. Bc1 Nhf6 21. Bb2 Nb6
22. Bc3 Nxc4 23. bxc4 Ra6 24. e5 Ng8 25. e6 f5 26. Bxg7 Kxg7 27. Rb1 Qa8 28.
Qc2 Nf6 29. f3 Ra5 30. Nc3 Kh7 31. Rab2 Ra7 32. Rb6 Re8 33. R1b5 Kg7 34. Qb3
Rc7 35. a5 Qa7 36. a6 Rec8 37. Qa4 Qa8 38. Rb7 Ne8 39. Qa5 Kf8 40. Na4 Rxb7 41.
Rxb7 1-0

[Event "Championnat de France - Open A"]
[Site "PAU"]
[Date "2012.08.18"]
[Round "5.8"]
[White "Devallee, Jeremie"]
[Black "Coustance, Kevin"]
[Result "0-1"]
[WhiteElo "2122"]
[BlackElo "2054"]
[PlyCount "116"]
[EventDate "2012.??.??"]

1. e4 c5 2. d4 cxd4 3. c3 Nf6 4. e5 Nd5 5. cxd4 Nc6 6. Nc3 Nxc3 7. bxc3 d6 8.
f4 dxe5 9. fxe5 Bf5 10. Nf3 e6 11. Bd3 Bxd3 12. Qxd3 Be7 13. O-O O-O 14. Bd2
Rc8 15. Rae1 Na5 16. Re4 Nc4 17. Bc1 b5 18. Rg4 f6 19. Bh6 Rf7 20. exf6 Bxf6
21. Qe2 e5 22. dxe5 Nxe5 23. Nxe5 Bxe5 24. Qxe5 Rxf1+ 25. Kxf1 Qd1+ 26. Qe1
Qxg4 27. Be3 Qc4+ 28. Kg1 Qxc3 29. Bd2 Qc4 30. h3 b4 31. Bxb4 Qc1 32. Qxc1
Rxc1+ 33. Kh2 Rc2 34. a3 Kf7 35. Kg3 Ke6 36. Kf3 Kd5 37. h4 Kc4 38. h5 Kb5 39.
Bf8 Rc7 40. Ke4 Rf7 41. Bd6 a5 42. g3 Rf6 43. Be5 Re6 44. Kd5 Rxe5+ 45. Kxe5
Ka4 46. Ke6 Kxa3 47. Kf7 a4 48. Kxg7 Kb4 49. Kxh7 a3 50. h6 a2 51. Kg8 a1=Q 52.
h7 Qa8+ 53. Kg7 Qb7+ 54. Kg8 Qd5+ 55. Kg7 Qg5+ 56. Kf7 Qh6 57. Kg8 Qg6+ 58. Kh8
Qf7 0-1

[Event "Championnat de France - Open A"]
[Site "PAU"]
[Date "2012.08.18"]
[Round "5.9"]
[White "Soyer, Jean-Yves"]
[Black "Podvin, Francois-Xavier"]
[Result "0-1"]
[WhiteElo "2058"]
[BlackElo "2082"]
[PlyCount "76"]
[EventDate "2012.??.??"]

1. Nf3 c5 2. g3 Nc6 3. Bg2 g6 4. O-O Bg7 5. d3 e6 6. c4 Nge7 7. Nc3 O-O 8. Bd2
d5 9. Ne1 b6 10. Rb1 Bb7 11. b3 Qd7 12. Nf3 Rad8 13. Qc1 Nf5 14. Rd1 dxc4 15.
dxc4 Qe7 16. Bf1 Ncd4 17. Nxd4 Nxd4 18. Nb5 Nxb5 19. cxb5 Be4 20. Bg5 f6 21.
Bf4 Bxb1 22. Qxb1 Rxd1 23. Qxd1 Rd8 24. Qc1 Qd7 25. e4 e5 26. Bc4+ Kf8 27. Bh6
Qd1+ 28. Kg2 g5 29. Bxg7+ Kxg7 30. Qxd1 Rxd1 31. g4 Rd4 32. Kf3 f5 33. gxf5 g4+
34. Ke3 Kf6 35. a3 Kg5 36. Be6 Rd1 37. f6 Kxf6 38. Bxg4 Rb1 0-1